000 01017nam a2200301 a 4500
001 015405228
003 Uk
005 20150408113918.0
008 090817s2009 enka b 001 0 eng|d
015 _aGBB142961
_2bnb
020 _a9780335234608 (cased) :
_c£65.00
020 _a9780335234608
020 _a0335234607 (cased) :
_c£65.00
020 _a9780335234615 (pbk.) :
_c£19.99
020 _a0335234615 (pbk.) :
_c£19.99
040 _aStDuBDS
_beng
_cStDuBDS
_dUk
042 _aukblcatcopy
082 0 4 _a372.350440941
_222
_bCAE
100 1 _aCross, Alan.
_94187
245 1 0 _aEssential primary science /
_cAlan Cross and Adrian Bowden.
260 _aMaidenhead :
_bMcGraw-Hill Open University Press,
_c2009.
300 _a318 p. :
_bill. ;
_c24 cm.
504 _aIncludes bibliographical references and index.
650 0 _aScience
_xStudy and teaching (Elementary)
_zGreat Britain.
_94188
700 1 _aBowden, Adrian.
_94189
942 _2ddc
_cDVD
999 _c14311
_d248811